1969 1328 1280 1780 1299 1116 1596 1776 1239 1766 1591 1226 1535 1346 1455 1422 1679 1907 1695 1628 1018 1606 1894 1194 1849 1643 1661 1197 1910 1790 1968 1790 1963 1605 1383 1652 1978 1016 1638 1003 1170 1928 1515 1026 1668 1790 1028 1282 1275 1649 1120 1059 1558 1969 1286 1684 1618 1287 1735 1557 1130 1038 1927 1151 1207 1860 1100 1425 1995 1855 1365 1739 1149 1115 1340 1287 1019 1631 1647 1148 1581 1181 1927 1340 1000 1203 1733 1348 1968 1766 1135 1779 1379 1101 1190 1880 1257 1454 1668 BCNSPRNW ULIB Ver.6.0+V

เปลี่ยนเป็นภาษาไทย

Change to English
 แสดงรายละเอียดบรรณานุกรม
  กลับหน้าหลัก

Brief Record : Get Marc (ISO 2709) : E-mail record : QR code < ปิดหน้าต่าง
LEADER : 00000nam 2200000uu 4500
001    13399122597
003     ULIB
008    130813s2534||||th 000 0 tha d
020    ^a9745872504
099    ^aวพ.WG260^bศ489ค
100 0  ^aศิริวัลห์ วัฒนสินธุ์
245 10 ^aความสัมพันธ์ระหว่างความรู้เกี่ยวกับการดูแลตนเองปัจจัยพื้นฐาน กับความพร่องในการดูแลตนเองในผู้ป่วยภายหลังการผ่าตัดเปลี่ยนลิ้นหัวใจ =^bThe relationship between selfcare knowledge, basic conditioning factors and self-care deficit in post cardiac valvular replacement patients /^cศิริวัลห์ วัฒนสินธุ์
246 31 ^aRelationship between selfcare knowledge, basic conditioning factors and self-care deficit in post cardiacvalvular replacement patients
260    ^a^c2534
300    ^aก-ญ, 97 แผ่น :^bภาพประกอบ ;^c30 ซม.
500    ^aSend to Single Search
502    ^aวิทยานิพนธ์ (วท.ม. (พยาบาลศาสตร์))--มหาวิทยาลัยมหิดล, 2534
610 24 ^aมหาวิทยาลัยมหิดล^xวิทยานิพนธ์
610 24 ^aมหาวิทยาลัยมหิดล. ^bคณะพยาบาลศาสตร์^xวิทยานิพนธ์
650  4 ^aการดูแลตนเอง
650  4 ^aภาวะแทรกซ้อนหลังศัลยกรรม
650  4 ^aลิ้นหัวใจ^xศัลยกรรม
650  4 ^aลิ้นหัวใจ, โรค
650  4 ^aศัลยกรรม, การดูแลภายหลัง
691    ^aวท.ม. (2534)
692    ^aพยาบาลศาสตร์ (มหาวิทยาลัยมหิดล 2534)
700 0  ^aสมพันธ์ หิญชีระนันทน์,^eที่ปรึกษา
710 2  ^aมหาวิทยาลัยมหิดล
710 2  ^aมหาวิทยาลัยมหิดล. ^bคณะพยาบาลศาสตร์
710 22 ^aมหาวิทยาลัยมหิดล.^tวิทยานิพนธ์
710 22 ^aMahidol University.^tThesis
945    ^p0^l0^i023375
999    ^aเกษร โพธิ์สุวรรณ
รายการนี้ยังไม่มีแท็ก
คุณยังไม่ได้ล็อกอิน คุณสามารถมีกิจกรรมร่วมกับเว็บไซต์ได้ แต่ต้องล็อกอินก่อน ::
  ล็อกอิน

รายการสื่อสารสนเทศ

ลำดับที่ ประเภท เลขเรียก/บาร์โค้ด สถานที่ สถานะ
1. วิทยานิพนธ์
วิทยานิพนธ์
วพ.WG260 ศ489ค ฉ.1 
  Barcode: 023375
ห้องสมุดวิทยาเขตสวรรค์ประชารักษ์
► วิทยานิพนธ์
บนชั้น

รายการใกล้เคียง
    หัวเรื่อง [การดูแลตนเอง]
    หัวเรื่อง [ภาวะแทรกซ้อนหลังศัลยกรรม]
    หัวเรื่อง [ศัลยกรรม, การดูแลภายหลัง]

BibComment


ยังไม่เคยถูกคอมเมนท์

คอมเมนท์ทรัพยากรรายการนี้
  คอมเมนท์: ความสัมพันธ์ระหว..


 Copyright 2026. Bcnsprnw @Library